The Invisible Man /
This masterpiece of science fiction is the fascinating story of Griffin, a scientist who creates a serum to render himself invisible, and his descent into madness that follows.
Uloženo v:
| Hlavní autor: | |
|---|---|
| Médium: | E-kniha |
| Jazyk: | Czech |
| Vydáno: |
Praha :
Saga Egmont,
2022
|
| Tagy: |
Žádné tagy |
| LEADER | 01057nam a22002297i 4500 | ||
|---|---|---|---|
| 001 | 312255 | ||
| 007 | ta | ||
| 008 | 260601s2022 xr ||||| |||| 00| 0 cze d | ||
| 020 | |a 9990003955647 | ||
| 044 | |a xr | ||
| 100 | 1 | |a Wells, H. G. |4 aut | |
| 245 | 1 | 0 | |a The Invisible Man / |c Wells, H. G. |
| 264 | 1 | |a Praha : |b Saga Egmont, |c 2022 | |
| 300 | |a 1 online zdroj (94 stran) | ||
| 336 | |a text |b txt |2 rdacontent | ||
| 337 | |a bez média |b n |2 rdamedia | ||
| 338 | |a online zdroj |b cr |2 rdacarrier | ||
| 520 | 2 | |a This masterpiece of science fiction is the fascinating story of Griffin, a scientist who creates a serum to render himself invisible, and his descent into madness that follows. | |
| 910 | |a RBIT002 | ||
| 998 | |d 395564 |a https://core.palmknihy.cz/api/books/395564/cover?sqg4eh |b https://core.palmknihy.cz/api/books/395564/cover/400?sqg4eh |c https://core.palmknihy.cz/api/books/395564/cover/50?sqg4eh |e |g 94 |i 9990003955647 |j https://core.palmknihy.cz/api/books/395564/preview.epub |l |q 49 |r 1 |s https://www.palmknihy.cz/kniha/395564 |t ebook |y 2022 |z 1 | ||
| 999 | |d 312253 | ||